De Trump à Xi Jinping : la grande rupture de la mondialisation (notice n° 2071284)

détails MARC
000 -LEADER
fixed length control field 01654cam a2200217 4500500
005 - DATE AND TIME OF LATEST TRANSACTION
control field 20260405003831.0
041 ## - LANGUAGE CODE
Language code of text/sound track or separate title fre
042 ## - AUTHENTICATION CODE
Authentication code dc
100 10 - MAIN ENTRY--PERSONAL NAME
Personal name Jean, Sébastien
Relator term author
245 00 - TITLE STATEMENT
Title De Trump à Xi Jinping : la grande rupture de la mondialisation
260 ## - PUBLICATION, DISTRIBUTION, ETC.
Date of publication, distribution, etc. 2026.<br/>
500 ## - GENERAL NOTE
General note 94
520 ## - SUMMARY, ETC.
Summary, etc. La politique commerciale de la seconde administration Trump constitue une rupture avec les engagements internationaux des États-Unis et un séisme pour le système commercial multilatéral. Son effet déstabilisant est renforcé par les excédents commerciaux démesurés de la Chine, qui ont doublé depuis la crise sanitaire de 2020. Nous entrons dans une nouvelle ère marquée par une érosion des normes au profit de logiques transactionnelles. Pour l’Europe, le défi est de taille.politique étrangère
520 ## - SUMMARY, ETC.
Summary, etc. The second Trump administration’s trade policy represents a rupture with the United States’ international commitments and a seismic shock for the multilateral trade system. Its destabilizing impact has been exacerbated by China’s disproportionate trade surplus, which has doubled since the 2020 pandemic. We are entering a new era marked by the erosion of norms and their replacement by a more transactional logic. For Europe, the challenge is enormous.
690 ## - LOCAL SUBJECT ADDED ENTRY--TOPICAL TERM (OCLC, RLIN)
Topical term or geographic name as entry element Commerce international
690 ## - LOCAL SUBJECT ADDED ENTRY--TOPICAL TERM (OCLC, RLIN)
Topical term or geographic name as entry element Mercantilisme
690 ## - LOCAL SUBJECT ADDED ENTRY--TOPICAL TERM (OCLC, RLIN)
Topical term or geographic name as entry element Politique économique américaine
690 ## - LOCAL SUBJECT ADDED ENTRY--TOPICAL TERM (OCLC, RLIN)
Topical term or geographic name as entry element Protectionnisme
786 0# - DATA SOURCE ENTRY
Note Politique étrangère | Pritemps | 1 | 2026-03-05 | p. 17-30 | 0032-342X
856 41 - ELECTRONIC LOCATION AND ACCESS
Uniform Resource Identifier <a href="https://shs.cairn.info/revue-politique-etrangere-2026-1-page-17?lang=fr&redirect-ssocas=7080">https://shs.cairn.info/revue-politique-etrangere-2026-1-page-17?lang=fr&redirect-ssocas=7080</a>

Pas d'exemplaire disponible.

PLUDOC

PLUDOC est la plateforme unique et centralisée de gestion des bibliothèques physiques et numériques de Guinée administré par le CEDUST. Elle est la plus grande base de données de ressources documentaires pour les Étudiants, Enseignants chercheurs et Chercheurs de Guinée.

Adresse

627 919 101/664 919 101

25 boulevard du commerce
Kaloum, Conakry, Guinée

Réseaux sociaux

Powered by Netsen Group @ 2025